<?xml version="1.0" encoding="UTF-8"?>
<record
    xmlns:xsi="http://www.w3.org/2001/XMLSchema-instance"
    xsi:schemaLocation="http://www.loc.gov/MARC21/slim http://www.loc.gov/standards/marcxml/schema/MARC21slim.xsd"
    xmlns="http://www.loc.gov/MARC21/slim">

  <leader>01570cam a2200277 i 4500</leader>
  <datafield tag="999" ind1=" " ind2=" ">
    <subfield code="c">15602</subfield>
    <subfield code="d">15602</subfield>
  </datafield>
  <controlfield tag="001">17259324</controlfield>
  <controlfield tag="003">NUST</controlfield>
  <controlfield tag="005">20170609135606.0</controlfield>
  <controlfield tag="008">120417t20122012caub     b    001 0 eng c</controlfield>
  <datafield tag="010" ind1=" " ind2=" ">
    <subfield code="a">  2012015835</subfield>
  </datafield>
  <datafield tag="020" ind1=" " ind2=" ">
    <subfield code="a">9789382264620(cloth : alk. paper)</subfield>
  </datafield>
  <datafield tag="040" ind1=" " ind2=" ">
    <subfield code="a">CSt/DLC</subfield>
    <subfield code="b">eng</subfield>
    <subfield code="c">CSt</subfield>
    <subfield code="e">rda</subfield>
    <subfield code="d">DLC</subfield>
  </datafield>
  <datafield tag="042" ind1=" " ind2=" ">
    <subfield code="a">pcc</subfield>
  </datafield>
  <datafield tag="043" ind1=" " ind2=" ">
    <subfield code="a">a-pk---</subfield>
  </datafield>
  <datafield tag="050" ind1="0" ind2="0">
    <subfield code="a">U264.5.P18</subfield>
    <subfield code="b">K43 2012</subfield>
  </datafield>
  <datafield tag="082" ind1="0" ind2="0">
    <subfield code="a">623.45119095491</subfield>
    <subfield code="2">23</subfield>
    <subfield code="b">KHA 2013</subfield>
  </datafield>
  <datafield tag="100" ind1="1" ind2=" ">
    <subfield code="a">Khan, Feroz Hassan,</subfield>
    <subfield code="d">1952-</subfield>
    <subfield code="e">author.</subfield>
    <subfield code="9">2424</subfield>
  </datafield>
  <datafield tag="245" ind1="1" ind2="0">
    <subfield code="a">Eating grass :</subfield>
    <subfield code="b">the making of the Pakistani bomb /</subfield>
    <subfield code="c">Feroz Hassan Khan.</subfield>
  </datafield>
  <datafield tag="300" ind1=" " ind2=" ">
    <subfield code="a">xxv, 520 pages :</subfield>
    <subfield code="b">map ;</subfield>
    <subfield code="c">24 cm</subfield>
  </datafield>
  <datafield tag="500" ind1=" " ind2=" ">
    <subfield code="a">Photocopy</subfield>
  </datafield>
  <datafield tag="504" ind1=" " ind2=" ">
    <subfield code="a">Includes bibliographical references (pages 399-491) and index.</subfield>
  </datafield>
  <datafield tag="505" ind1="0" ind2=" ">
    <subfield code="a">Atoms for peace at crossroads of history -- Ayub's non-decision and the nuclear bomb option -- Never again -- The route to nuclear ambition -- Punishing Pakistan -- Mastery of uranium enrichment -- Procurement network in the gray market -- Building the bomb -- Mastery of plutonium production -- Military crises and nuclear signalling -- Pakistan's missile quest -- The grazing horse in the meadows -- The nuclear test decision -- The dawn of a nuclear power -- A shaky beginning : Kargil and its aftermath -- Establishment of robust command and control -- Testing the deterrent -- The unraveling of the Khan network -- Nuclear Pakistan and the world.</subfield>
  </datafield>
  <datafield tag="650" ind1=" " ind2="0">
    <subfield code="a">Nuclear weapons</subfield>
    <subfield code="z">Pakistan</subfield>
    <subfield code="x">History.</subfield>
    <subfield code="9">2425</subfield>
  </datafield>
  <datafield tag="651" ind1=" " ind2="0">
    <subfield code="a">Pakistan</subfield>
    <subfield code="x">Military policy.</subfield>
    <subfield code="9">2426</subfield>
  </datafield>
  <datafield tag="906" ind1=" " ind2=" ">
    <subfield code="a">7</subfield>
    <subfield code="b">cbc</subfield>
    <subfield code="c">orignew</subfield>
    <subfield code="d">1</subfield>
    <subfield code="e">ecip</subfield>
    <subfield code="f">20</subfield>
    <subfield code="g">y-gencatlg</subfield>
  </datafield>
  <datafield tag="942" ind1=" " ind2=" ">
    <subfield code="2">ddc</subfield>
    <subfield code="c">BK</subfield>
  </datafield>
  <datafield tag="952" ind1=" " ind2=" ">
    <subfield code="0">0</subfield>
    <subfield code="1">0</subfield>
    <subfield code="2">ddc</subfield>
    <subfield code="4">0</subfield>
    <subfield code="7">0</subfield>
    <subfield code="8">NFIC</subfield>
    <subfield code="a">CIPS</subfield>
    <subfield code="b">CIPS</subfield>
    <subfield code="c">GEN</subfield>
    <subfield code="d">2013-09-27</subfield>
    <subfield code="l">0</subfield>
    <subfield code="o">623.45119095491 KHA 2013</subfield>
    <subfield code="p">CIPS0001219</subfield>
    <subfield code="r">2013-12-06</subfield>
    <subfield code="w">2013-12-06</subfield>
    <subfield code="y">BK</subfield>
  </datafield>
  <datafield tag="952" ind1=" " ind2=" ">
    <subfield code="0">0</subfield>
    <subfield code="1">0</subfield>
    <subfield code="2">ddc</subfield>
    <subfield code="4">0</subfield>
    <subfield code="7">0</subfield>
    <subfield code="8">NFIC</subfield>
    <subfield code="a">CIPS</subfield>
    <subfield code="b">CIPS</subfield>
    <subfield code="c">GEN</subfield>
    <subfield code="d">2017-02-09</subfield>
    <subfield code="l">1</subfield>
    <subfield code="o">623.45119095491 KHA 2013</subfield>
    <subfield code="p">CIPS0002868</subfield>
    <subfield code="r">2021-11-05</subfield>
    <subfield code="s">2021-10-01</subfield>
    <subfield code="w">2017-06-09</subfield>
    <subfield code="y">BK</subfield>
  </datafield>
</record>
